000 00366 a2200133 4500
001 91640
082 _aPR 1606
090 _c43796
_d43795
100 _aZahid Farooq; Prof Shakeel Alvi, Advisor
245 _aDesign and Implementation of Monopoles Jamming on APN-77
_n52 "B" EC
260 _aRawalpindi
_bNUST
_c2000
300 _a39p
500 _aBE Project Reports
942 _aCAE NUST
_kPR 1606
999 _c326713
_d326713